|
|
|
|
| LEADER |
00000nas a2200000 a 4500 |
| 001 |
ssj0005237 |
| 003 |
WaSeSS |
| 005 |
20200512172242.0 |
| 006 |
m d |
| 007 |
cr n |
| 008 |
010726c19399999vauqr pss o 0 a0eng c |
| 010 |
|
|
|a 2008228582
|
| 022 |
|
|
|a 1942-6658
|l 0043-0463
|y 0043-0463
|
| 035 |
|
|
|a (WaSeSS)ssj0005237
|
| 040 |
|
|
|a BNG
|b eng
|e pn
|c BNG
|d OCLCQ
|d TKF
|d DOS
|d DLC
|d OCLCQ
|d OCLCO
|d OCLCF
|d OCLCQ
|d OCLCA
|d YOR
|d WaSeSS
|
| 042 |
|
|
|a pcc
|a nsdp
|
| 043 |
|
|
|a n-us-va
|
| 050 |
1 |
4 |
|a K27
|
| 082 |
1 |
0 |
|a 340
|2 14
|
| 222 |
|
0 |
|a Washington and Lee law review
|b (Online)
|
| 245 |
0 |
0 |
|a Washington and Lee law review
|h [electronic resource].
|
| 246 |
1 |
3 |
|a Wash. & Lee L. Rev
|
| 260 |
|
|
|a [Lexington, Va.] :
|b [School of Law, Washington and Lee University],
|c [1939]-
|
| 310 |
|
|
|a Quarterly,
|b 1975-
|
| 321 |
|
|
|a Two no. a year,
|b 1939-1972
|
| 321 |
|
|
|a Three no. a year,
|b 1973-1974
|
| 362 |
1 |
|
|a Began with vol. 1, no. 1 (fall 1939).
|
| 506 |
|
|
|a License restrictions may limit access.
|
| 538 |
|
|
|a Mode of access: World Wide Web.
|
| 588 |
|
|
|a Description based on first issue; title from caption (Hein Online, viewed Apr. 7, 2008).
|
| 588 |
|
|
|a Latest issue consulted: Vol. 63, no. 4 (fall 2006) (viewed Apr. 7, 2008).
|
| 650 |
|
0 |
|a Law
|z Virginia
|v Periodicals.
|
| 650 |
|
0 |
|a Law
|v Periodicals.
|
| 650 |
|
7 |
|a Law.
|2 fast
|0 (OCoLC)fst00993678
|
| 651 |
|
7 |
|a Virginia.
|2 fast
|0 (OCoLC)fst01204597
|
| 655 |
|
0 |
|a Electronic journals.
|
| 710 |
2 |
|
|a Washington and Lee University.
|b School of Law.
|
| 770 |
0 |
|
|t Washington and Lee law review online
|w (DLC) 2015222030
|w (OCoLC)904757476
|
| 776 |
0 |
8 |
|i Print version:
|t Washington and Lee law review
|x 0043-0463
|w (DLC)sf 79010798
|w (OCoLC)1769418
|
| 856 |
4 |
0 |
|z Full text available from Research Library: 04/01/1992 to present
|u https://search.proquest.com/publication/5472
|